000 00950nam a22002537a 4500
005 20160404152325.0
010 _a1516ENO7 ENG-114777
020 _a9789350717233
_c925.00
035 _aEN-98309
035 _aB-607216-235
037 _adpl
_bVariety/Ven
037 _bDBAD/PUB
082 _a346.54066
100 _aKapoor, G.K.
245 _aTaxmann's company law and practice :
_cby G.K. Kapoor [and] Sanjay Dhamija
_ba comprehensive text book on companies act 2013 /
250 _a20th ed
260 _aNew Delhi
_bTaxmann Publications
_c2015
270 _a59/32, New Rohtak Road
_bNew Delhi
_e110005
_k+91-11-45562222
_l-
_m-
300 _aI-61,1114p.
_c25cm(pbk)
500 _aIncludes index
700 _aDhamija, Sanjay
942 _2ddc
_cEN
_mKAP
_h346.54066
999 _c95800
_d95800